Представление документа в формате RUSMARC

ПолеНазваниеЗначение
  Тип записи a
  Библиографический уровень a
001 Контрольный номер UONB/MAIN/3382077306b148f5a6ec3c03798832f2
005 Дата корректировки 20260417140826.7
100 Данные общей обработки __
a Данные общей обработки 20260417 ||| 0rusy0189 ca
101 Язык документа 0_
a Язык текста rus
102 Страна публикации __
a Страна публикации RU
200 Заглавие и сведения об ответственности 1_
a Заглавие С теплом в сердце и кием в руках
203 Вид содержания и тип средства __
a Вид содержания Текст
b Характеристика содержания визуальный
c Тип средства непосредственный
215 Физическое описание __
c Иллюстрации/тип воспроизводства ил., портр.
330 Аннотация __
a Аннотация В селе Старые Алгаши прошел турнир по русскому бильярду, посвященный памяти Геннадия Федоровича Эльмукова.
461 Уровень набора _0
1 2000
a Цильнинские новости
463 Уровень физической единицы _0
1 2000
a № 13 (1384) (3 апреля)
v С. 4
1 2101
d 2026
1 001UONB/MAIN/1d25accf04a04cd1afe605401640b83a
600 Персоналии _1
a Персоналии (Фамилия) Эльмуков
b Персоналии (Имя, инициалы) Г. Ф.
g Полное имя Геннадий Федорович
607 Географические рубрики __
a Географическое наименование Старые Алгаши, село (Цильнинский район ; Ульяновская область)
610 Ключевые слова 0_
a Ключевые слова турниры; бильярд
686 Индексы других классификаций __
a Классификационный индекс 75.406.963
2 Код системы rubbk
801 Источник записи _0
a Страна RU
b Организация Ульяновская ОНБ
c Дата составления 20260417
g Правила каталогизации RCR
801 Источник записи _1
a Страна RU
b Организация Ульяновская ОНБ
c Дата составления 20260417
g Правила каталогизации RCR
901 Тип документа __
t Тип документа f
w Контрольный № источника UONB/MAIN/1d25accf04a04cd1afe605401640b83a
909 Создатель записи __
a Создатель записи Логинова
b Дата создания записи 20260417